L'arte Et Honme

Gorde:
Xehetasun bibliografikoak
Egile nagusia: Rene Huyghe
Formatua: Liburua
Hizkuntza:hizkuntza ezezaguna
Argitaratua: Larousse
Etiketak: Etiketa erantsi
Etiketarik gabe, Izan zaitez lehena erregistro honi etiketa jartzen!

MARC

LEADER 00000nam a2200000Ia 4500
001 R-107
003 CODICE-MESSINA
005 20260212102447.0
008 260211s9999 xx 000 0 und d
040 |c importazione_messina 
100 |a Rene Huyghe 
245 0 |a L'arte Et Honme 
260 |b Larousse 
942 |2 ddc  |c BK 
952 |0 0  |1 0  |2 ddc  |4 0  |6 SCAFFALE_2_000000000000000__ARTE  |7 0  |9 30924  |a ME  |b ME  |d 2026-02-11  |l 0  |o SCAFFALE 2 - ARTE  |p R-107  |r 2026-02-11 23:52:13  |w 2026-02-11  |x [REVISIONARE]  |y BK 
999 |c 26588  |d 26588